[Event "DEM U16w 2005"]
[Site "Willingen GER"]
[Date "2005.05.15"]
[Round "2"]
[White "Czygan, Dana"]
[Black "Muratow, Katerina"]
[Result "0-1"]
[Termination "normal"]
[Board "12"]
[WhiteElo "1603"]
[BlackElo "1464"]
[PlyCount "82"]
[EventCountry "GER"]
[EventRounds "9"]
[EventType "swiss"]
[EventDate "2005.05.15"]

1. c4 c6 2. d4 d5 3. cxd5 cxd5 4. Nc3 Nf6 5. Nf3 Bf5 6. Bf4 Nbd7 7. Nb5 Qa5+ 8.
Nc3 e6 9. a3 Ne4 10. Bd2 Nxd2 11. Qxd2 Bd6 12. e3 O-O 13. Be2 a6 14. O-O Rac8
15. Rfc1 Rc6 16. b4 Qc7 17. Na2 b5 18. Rxc6 Qxc6 19. Rc1 Qb7 20. Nh4 Bg6 21.
Nxg6 hxg6 22. f4 Nf6 23. Bf3 Rc8 24. g4 Nh7 25. h4 Nf6 26. Kf2 Rc4 27. Rxc4
bxc4 28. Qc3 Qb5 29. g5 Nh5 30. Qc2 a5 31. a4 Qb6 32. b5 Kh7 33. Bxh5 Qc7 34.
Bf3 f6 35. gxf6 gxf6 36. h5 f5 37. hxg6+ Kxg6 38. Qc1 Qh7 39. Qg1+ Kf7 40. Qg5
Qh2+ 41. Bg2 Be7 0-1

[Event "DEM U16w 2005"]
[Site "Willingen GER"]
[Date "2005.05.15"]
[Round "2"]
[White "Winter, Hannah"]
[Black "Popovic, Nathalie"]
[Result "0-1"]
[Termination "normal"]
[Board "13"]
[WhiteElo "1386"]
[BlackElo "1591"]
[PlyCount "42"]
[BlackFideId "24630292"]
[EventCountry "GER"]
[EventRounds "9"]
[EventType "swiss"]
[EventDate "2005.05.15"]

1. e4 e6 2. d4 d5 3. Nd2 Nf6 4. e5 Nfd7 5. Ngf3 c5 6. c3 Nc6 7. Qe2 cxd4 8.
cxd4 Qb6 9. Nb3 a5 10. Be3 a4 11. Nc1 Bb4+ 12. Kd1 a3 13. Nb3 axb2 14. Qxb2 Ba3
15. Qd2 Qc7 16. Bb5 O-O 17. h4 Na5 18. Bxd7 Bxd7 19. Nxa5 Rxa5 20. Ne1 Ba4+ 21.
Nc2 Rc8 0-1

[Event "DEM U16w 2005"]
[Site "Willingen GER"]
[Date "2005.05.17"]
[Round "4"]
[White "Ohme, Melanie"]
[Black "Nuber, Helene"]
[Result "1-0"]
[Termination "normal"]
[Board "1"]
[WhiteElo "2041"]
[BlackElo "2045"]
[PlyCount "57"]
[WhiteFideId "4690745"]
[BlackFideId "24613045"]
[EventCountry "GER"]
[EventRounds "9"]
[EventType "swiss"]
[EventDate "2005.05.15"]

1. e4 e6 2. d4 d5 3. e5 c5 4. c3 Nc6 5. Be3 Qb6 6. Qd2 cxd4 7. cxd4 Nge7 8. Nf3
Nf5 9. Nc3 Bd7 10. Rc1 Be7 11. Bd3 Nxe3 12. fxe3 Rc8 13. O-O O-O 14. Qc2 h6 15.
Qf2 Na5 16. Rc2 Nc4 17. e4 dxe4 18. Nxe4 Na5 19. Qg3 Qd8 20. Rcf2 Bc6 21. Nf6+
Bxf6 22. exf6 Qxf6 23. Ne5 Qg5 24. Qxg5 hxg5 25. b4 Be8 26. bxa5 Rd8 27. Ng6
Rxd4 28. Nxf8 Rxd3 29. Nxe6 1-0

[Event "DEM U16w 2005"]
[Site "Willingen GER"]
[Date "2005.05.17"]
[Round "4"]
[White "Zikeli, Saskia"]
[Black "Mader, Manuela"]
[Result "0-1"]
[Termination "normal"]
[Board "2"]
[WhiteElo "1935"]
[BlackElo "2002"]
[PlyCount "54"]
[WhiteFideId "24601543"]
[BlackFideId "24612928"]
[EventCountry "GER"]
[EventRounds "9"]
[EventType "swiss"]
[EventDate "2005.05.15"]

1. e4 c6 2. d4 d5 3. Nc3 dxe4 4. Nxe4 Bf5 5. Ng3 Bg6 6. h4 h6 7. Nf3 Nd7 8. h5
Bh7 9. Bd3 Bxd3 10. Qxd3 e6 11. Bd2 Ngf6 12. O-O-O Be7 13. Ne4 O-O 14. Nxf6+
Nxf6 15. Qe2 Qd5 16. Kb1 a5 17. Bc1 a4 18. Ne5 b5 19. f3 Qd6 20. g4 Nd5 21. Qe3
c5 22. f4 c4 23. Qh3 c3 24. bxc3 b4 25. Bd2 bxc3 26. Bxc3 Rfb8+ 27. Kc1 Qa3+
0-1

[Event "DEM U16w 2005"]
[Site "Willingen GER"]
[Date "2005.05.17"]
[Round "4"]
[White "Fuchs, Judith"]
[Black "Jehle, Anja"]
[Result "1-0"]
[Termination "normal"]
[Board "3"]
[WhiteElo "1952"]
[BlackElo "1721"]
[PlyCount "83"]
[WhiteFideId "24605611"]
[BlackFideId "24631434"]
[EventCountry "GER"]
[EventRounds "9"]
[EventType "swiss"]
[EventDate "2005.05.15"]

1. e4 c5 2. Nc3 Nc6 3. Bb5 g6 4. Bxc6 bxc6 5. d3 Bg7 6. Nge2 d6 7. O-O Nh6 8.
Ng3 f5 9. Bxh6 Bxh6 10. exf5 O-O 11. fxg6 hxg6 12. Nce4 Rb8 13. Rb1 e5 14. Qe2
Be6 15. b3 Qe7 16. Rfd1 d5 17. Nd2 Qd6 18. Ndf1 Rb4 19. c4 Rb7 20. Ne3 Rbf7 21.
Rf1 Rf4 22. Rbe1 Bg7 23. Qc2 R4f7 24. Nd1 Bh6 25. d4 cxd4 26. c5 Qd7 27. Rxe5
Kg7 28. Qe2 Rf6 29. Re1 Re8 30. Qd3 Bf4 31. R5e2 Ref8 32. Qxd4 Kh7 33. Nb2 Kg8
34. Nd3 Bc7 35. Ne5 Bxe5 36. Qxe5 Bg4 37. f3 Bf5 38. Nxf5 Rxf5 39. Qe6+ Qxe6
40. Rxe6 R5f6 41. Rxf6 Rxf6 42. Re7 1-0

[Event "DEM U16w 2005"]
[Site "Willingen GER"]
[Date "2005.05.17"]
[Round "4"]
[White "Tovmasian, Nelli"]
[Black "Gasch, Franziska"]
[Result "1/2-1/2"]
[Termination "normal"]
[Board "4"]
[WhiteElo "1832"]
[BlackElo "1651"]
[PlyCount "122"]
[WhiteFideId "24611735"]
[BlackFideId "24632139"]
[EventCountry "GER"]
[EventRounds "9"]
[EventType "swiss"]
[EventDate "2005.05.15"]

1. Nf3 Nf6 2. g3 d5 3. c4 e6 4. Bg2 Be7 5. O-O O-O 6. b3 c5 7. cxd5 exd5 8. d4
b6 9. dxc5 bxc5 10. Nc3 Bb7 11. Ne5 Na6 12. Bb2 Nc7 13. Rc1 Rb8 14. Na4 Ne6 15.
Ba3 Qa5 16. e3 Rfd8 17. Qc2 Rbc8 18. Rfd1 Bd6 19. Bb2 Qc7 20. Nd3 Qe7 21. Ne5
Qc7 22. Nf3 Ne4 23. Nc3 Nxc3 24. Qxc3 f6 25. Qd3 Qe7 26. Nh4 Be5 27. Ba3 Qf7
28. Nf3 c4 29. bxc4 dxc4 30. Nxe5 Rxd3 31. Nxf7 Rxd1+ 32. Rxd1 Bxg2 33. Nd6 Bf3
34. Rc1 Rc6 35. Bb4 a5 36. Ba3 c3 37. h3 c2 38. Kf1 Bd1 39. Ne4 Rb6 40. Nc3 Rc6
41. Nxd1 cxd1=Q+ 42. Rxd1 Rc2 43. Rd5 Rxa2 44. Rxa5 Ng5 45. Bb4 Rb2 46. h4 Rb1+
47. Kg2 Ne4 48. Ra4 f5 49. Kf3 Rb2 50. Be1 g6 51. Ra7 h5 52. Kf4 Nxf2 53. Kg5
Nd3 54. Kxg6 Rb6+ 55. Kxf5 Nxe1 56. Kg5 Rb5+ 57. Kg6 Kf8 58. Kf6 Rb6+ 59. Kg5
Rb5+ 60. Kf6 Rb6+ 61. Kg5 Rb5+ 1/2-1/2

[Event "DEM U16w 2005"]
[Site "Willingen GER"]
[Date "2005.05.17"]
[Round "4"]
[White "Vollak, Marleen"]
[Black "Laake, Jasmin"]
[Result "1-0"]
[Termination "normal"]
[Board "5"]
[WhiteElo "1701"]
[BlackElo "1941"]
[PlyCount "61"]
[WhiteFideId "24624233"]
[BlackFideId "4699939"]
[EventCountry "GER"]
[EventRounds "9"]
[EventType "swiss"]
[EventDate "2005.05.15"]

1. e4 c5 2. Nf3 d6 3. d4 cxd4 4. Nxd4 Nf6 5. Nc3 a6 6. Be2 e5 7. Nb3 Be7 8. O-O
O-O 9. a4 Nc6 10. f4 Nb4 11. a5 Qc7 12. Be3 Be6 13. Bf3 Rac8 14. Rf2 Qc6 15.
Rd2 Rfd8 16. Nd5 Bxd5 17. exd5 Qc4 18. c3 e4 19. Rd4 Qc7 20. Bxe4 Nbxd5 21.
Bxd5 Nxd5 22. Rxd5 Re8 23. Qd3 Qc6 24. Rd1 Bf8 25. Rh5 h6 26. Nd4 Qd7 27. f5
Re5 28. b4 Rce8 29. Bd2 Qa4 30. Rf1 Qb3 31. Nxb3 1-0

[Event "DEM U16w 2005"]
[Site "Willingen GER"]
[Date "2005.05.17"]
[Round "4"]
[White "Mucha, Annegret"]
[Black "Erben, Larissa"]
[Result "1-0"]
[Termination "normal"]
[Board "6"]
[WhiteTitle "CM"]
[WhiteElo "1884"]
[BlackElo "1758"]
[PlyCount "51"]
[WhiteFideId "24622788"]
[BlackFideId "24634590"]
[EventCountry "GER"]
[EventRounds "9"]
[EventType "swiss"]
[EventDate "2005.05.15"]

1. e4 c5 2. Nc3 Nc6 3. g3 g6 4. Bg2 Bg7 5. d3 e6 6. f4 d6 7. Nf3 Nge7 8. O-O
O-O 9. g4 f5 10. exf5 exf5 11. g5 b6 12. Nh4 d5 13. Qf3 Nd4 14. Qf2 Ndc6 15.
Re1 d4 16. Nd1 Rb8 17. Nf3 Qc7 18. Qg3 Re8 19. h4 Bb7 20. h5 Nd5 21. Rxe8+ Rxe8
22. hxg6 hxg6 23. Nh4 Ne3 24. Nxe3 dxe3 25. Bd5+ Kh7 26. Qh2 1-0

[Event "DEM U16w 2005"]
[Site "Willingen GER"]
[Date "2005.05.17"]
[Round "4"]
[White "Opaska, Ines"]
[Black "Albano Jeremias, Bianca"]
[Result "1-0"]
[Termination "normal"]
[Board "7"]
[WhiteElo "1575"]
[BlackElo "1854"]
[PlyCount "57"]
[BlackFideId "24634247"]
[EventCountry "GER"]
[EventRounds "9"]
[EventType "swiss"]
[EventDate "2005.05.15"]

1. f4 d5 2. Nf3 Nf6 3. g3 Bg4 4. Bg2 Bxf3 5. Bxf3 Nbd7 6. O-O c6 7. d3 e5 8. e4
dxe4 9. fxe5 Nxe5 10. Bxe4 Qb6+ 11. Kg2 O-O-O 12. Bf5+ Kb8 13. Nc3 Bd6 14. Na4
Qc7 15. Bg5 h5 16. Rc1 h4 17. gxh4 Nd5 18. c4 f6 19. Bd2 Rxh4 20. cxd5 Rdh8 21.
Bf4 Nxd3 22. Qxd3 Bxf4 23. Rc4 Rxh2+ 24. Kg1 Be3+ 25. Qxe3 Rh1+ 26. Kf2 Qh2+
27. Ke1 Qg2 28. Qf4+ Ka8 29. Nb6+ 1-0

[Event "DEM U16w 2005"]
[Site "Willingen GER"]
[Date "2005.05.17"]
[Round "4"]
[White "Zemella, Jennifer"]
[Black "Hofmann, Christine"]
[Result "1-0"]
[Termination "normal"]
[Board "8"]
[WhiteElo "1757"]
[BlackElo "1620"]
[PlyCount "61"]
[WhiteFideId "24636096"]
[EventCountry "GER"]
[EventRounds "9"]
[EventType "swiss"]
[EventDate "2005.05.15"]

1. e4 e6 2. Qe2 Be7 3. Nf3 d5 4. d3 Nf6 5. g3 b6 6. Bg2 Bb7 7. Nbd2 c5 8. O-O
Nc6 9. c3 Qc7 10. Re1 h6 11. b3 O-O-O 12. Bb2 g5 13. a3 Rdg8 14. b4 h5 15. exd5
Nxd5 16. c4 Nf6 17. Ne4 Rh6 18. Nexg5 Nd8 19. Nxf7 Rhg6 20. Nxd8 Bxd8 21. Nh4
Rh6 22. Qxe6+ Qd7 23. Qxd7+ Nxd7 24. Nf5 Rhg6 25. Bxb7+ Kxb7 26. Ne7 Bxe7 27.
Rxe7 Kc8 28. Rae1 Rd6 29. Re8+ Rxe8 30. Rxe8+ Kb7 31. Re3 1-0

[Event "DEM U16w 2005"]
[Site "Willingen GER"]
[Date "2005.05.17"]
[Round "4"]
[White "Nekrassova, Ekatherina"]
[Black "Popovic, Nathalie"]
[Result "1-0"]
[Termination "normal"]
[Board "10"]
[WhiteElo "1538"]
[BlackElo "1591"]
[PlyCount "103"]
[BlackFideId "24630292"]
[EventCountry "GER"]
[EventRounds "9"]
[EventType "swiss"]
[EventDate "2005.05.15"]

1. d4 Nf6 2. e3 g6 3. Bd3 Bg7 4. f4 O-O 5. Nf3 d6 6. Nbd2 Nc6 7. c3 e5 8. fxe5
dxe5 9. O-O Re8 10. Ne4 Qd5 11. Nxf6+ Bxf6 12. e4 Qd6 13. d5 Ne7 14. a3 c6 15.
c4 cxd5 16. cxd5 Nxd5 17. exd5 e4 18. Bb1 Qb6+ 19. Kh1 exf3 20. Qxf3 Re7 21.
Ba2 Bf5 22. Bh6 Bxb2 23. Rad1 Qd6 24. a4 Rae8 25. Rf2 Be5 26. h3 Bb2 27. Bf4
Be5 28. Bh6 Bg3 29. Rff1 Be4 30. Qc3 Be5 31. Qe3 a6 32. Qxe4 Qa3 33. Bb1 Qg3
34. Bf4 Bxf4 35. Qxf4 Qxf4 36. Rxf4 Re1+ 37. Rf1 R1e2 38. Kg1 Rd8 39. Rf2 Re5
40. Ba2 Re4 41. Bb3 a5 42. d6 Rd7 43. Bxf7+ Kg7 44. Bb3 Re8 45. Rfd2 Kf6 46.
Bc4 Rdd8 47. Rf2+ Ke5 48. Re2+ Kf6 49. Rxe8 Rxe8 50. Rf1+ Kg5 51. d7 Rd8 52.
Bb5 1-0

[Event "DEM U16w 2005"]
[Site "Willingen GER"]
[Date "2005.05.17"]
[Round "4"]
[White "Ley, Janine"]
[Black "Muratow, Katerina"]
[Result "0-1"]
[Termination "normal"]
[Board "12"]
[WhiteElo "1466"]
[BlackElo "1464"]
[PlyCount "86"]
[WhiteFideId "24671274"]
[EventCountry "GER"]
[EventRounds "9"]
[EventType "swiss"]
[EventDate "2005.05.15"]

1. c4 c6 2. Nc3 Nf6 3. d4 d5 4. e3 e6 5. cxd5 exd5 6. g3 Bb4 7. Bd2 Bf5 8. Bg2
O-O 9. Nge2 Nbd7 10. a3 Bd6 11. Rc1 Nb6 12. Na2 Nc4 13. Bc3 Ne4 14. Qb3 Qc7 15.
Bb4 Bxb4+ 16. Qxb4 Qb6 17. Qxb6 axb6 18. Rxc4 dxc4 19. O-O Rfd8 20. Rd1 Rd7 21.
f3 Nf6 22. e4 Bg6 23. Nac3 h6 24. Kf2 b5 25. h4 Rad8 26. Bh3 Re7 27. Bg2 Nd7
28. Ke3 Nb6 29. f4 Bh5 30. Rd2 Bxe2 31. Rxe2 Na4 32. Nxa4 bxa4 33. Rc2 b5 34.
e5 Rc7 35. Be4 Kf8 36. f5 Re8 37. g4 c5 38. d5 Rxe5 39. d6 Rd7 40. Kf4 Rxe4+
41. Kxe4 Rxd6 42. Rg2 Ke7 43. Ke3 Rd4 0-1

[Event "DEM U16w 2005"]
[Site "Willingen GER"]
[Date "2005.05.17"]
[Round "4"]
[White "Czygan, Dana"]
[Black "Benzen, Marthe"]
[Result "1-0"]
[Termination "normal"]
[Board "13"]
[WhiteElo "1603"]
[BlackElo "1547"]
[PlyCount "65"]
[BlackFideId "24647764"]
[EventCountry "GER"]
[EventRounds "9"]
[EventType "swiss"]
[EventDate "2005.05.15"]

1. c4 g6 2. Nf3 Bg7 3. g3 f5 4. Bg2 Nf6 5. d4 d6 6. O-O O-O 7. Nc3 Nc6 8. Bf4
Nh5 9. e3 h6 10. Nh4 Qe8 11. Nd5 Qf7 12. Nxc7 Rb8 13. Nb5 g5 14. Nxd6 exd6 15.
Bxd6 gxh4 16. Bxf8 Bxf8 17. Bd5 Be6 18. Bxe6 Qxe6 19. Qxh5 hxg3 20. hxg3 Qxc4
21. Qxf5 Bg7 22. b3 Qa6 23. Qd5+ Kh8 24. Qc4 Qa5 25. a4 a6 26. Rab1 Nb4 27. Qc5
Qxc5 28. dxc5 Rc8 29. Rfc1 Nd3 30. Rc4 Ne5 31. Rc2 Nd3 32. b4 Nb2 33. Rbxb2 1-0

[Event "DEM U16w 2005"]
[Site "Willingen GER"]
[Date "2005.05.17"]
[Round "5"]
[White "Vollak, Marleen"]
[Black "Ohme, Melanie"]
[Result "0-1"]
[Termination "normal"]
[Board "1"]
[WhiteElo "1701"]
[BlackElo "2041"]
[PlyCount "120"]
[WhiteFideId "24624233"]
[BlackFideId "4690745"]
[EventCountry "GER"]
[EventRounds "9"]
[EventType "swiss"]
[EventDate "2005.05.15"]

1. e4 c5 2. Nf3 e6 3. d3 Nc6 4. Nbd2 d6 5. g3 g6 6. Bg2 Bg7 7. O-O Nge7 8. Re1
O-O 9. Nf1 Rb8 10. c3 e5 11. Be3 b6 12. Qd2 f5 13. Bh6 f4 14. Bxg7 Kxg7 15. d4
Bg4 16. d5 Bxf3 17. Bxf3 fxg3 18. hxg3 Rxf3 19. dxc6 Nxc6 20. Rad1 Rf6 21. Ne3
Qd7 22. Nd5 Rf7 23. Ne3 Rd8 24. Qd3 h5 25. Nc4 Qg4 26. Qe2 Qe6 27. b3 h4 28.
Qe3 Qg4 29. Qe2 Qg5 30. Qe3 Qf6 31. Rd3 b5 32. Nd2 b4 33. Kg2 bxc3 34. Rxc3 h3+
35. Kg1 Nd4 36. Rf1 Rdf8 37. Kh2 Qe6 38. f3 Qd7 39. Qd3 Rf6 40. Qe3 a5 41. Qd3
g5 42. Qe3 Kg6 43. g4 a4 44. Qd3 axb3 45. axb3 Qa7 46. Qb1 Rh8 47. Qb2 Qf7 48.
Qb1 Re6 49. Qe1 Qf4+ 50. Kh1 Ra8 51. Qe3 Qxe3 52. Rxe3 Ra2 53. Rd3 Re7 54. Nc4
Rea7 55. Rb1 Rg2 56. Ne3 Rf2 57. Rf1 Rxf1+ 58. Nxf1 Ra1 59. Kh2 Rxf1 60. Kxh3
Rxf3+ 0-1

[Event "DEM U16w 2005"]
[Site "Willingen GER"]
[Date "2005.05.17"]
[Round "5"]
[White "Mader, Manuela"]
[Black "Fuchs, Judith"]
[Result "1/2-1/2"]
[Termination "normal"]
[Board "2"]
[WhiteElo "2002"]
[BlackElo "1952"]
[PlyCount "85"]
[WhiteFideId "24612928"]
[BlackFideId "24605611"]
[EventCountry "GER"]
[EventRounds "9"]
[EventType "swiss"]
[EventDate "2005.05.15"]

1. e4 c6 2. d4 d5 3. Nc3 dxe4 4. Nxe4 Nf6 5. Nxf6+ exf6 6. c3 Bd6 7. Bd3 O-O 8.
Ne2 Re8 9. Qc2 Kh8 10. h3 Nd7 11. Be3 Nf8 12. O-O Qc7 13. c4 c5 14. d5 Ng6 15.
Bxg6 hxg6 16. Nc3 Bf5 17. Qd2 a6 18. a3 Rad8 19. Rac1 Bd7 20. Ne2 Re4 21. f3
Re7 22. Nc3 Bf5 23. g4 Rxe3 24. Qxe3 Bf4 25. Qf2 Bd3 26. Rcd1 Bxf1 27. Kxf1 Re8
28. Ne4 Bd6 29. Re1 Re7 30. Re2 Kg8 31. Qe1 Kf8 32. b4 b6 33. bxc5 Bxc5 34.
Nxc5 Rxe2 35. Nd7+ Qxd7 36. Qxe2 Qd6 37. Qe3 Qg3 38. Ke2 Qh2+ 39. Kd3 Qb2 40.
Ke4 Qe5+ 41. Kd3 Qb2 42. Ke4 Qe5+ 43. Kd3 1/2-1/2

[Event "DEM U16w 2005"]
[Site "Willingen GER"]
[Date "2005.05.17"]
[Round "5"]
[White "Nuber, Helene"]
[Black "Zikeli, Saskia"]
[Result "1/2-1/2"]
[Termination "normal"]
[Board "3"]
[WhiteElo "2045"]
[BlackElo "1935"]
[PlyCount "88"]
[WhiteFideId "24613045"]
[BlackFideId "24601543"]
[EventCountry "GER"]
[EventRounds "9"]
[EventType "swiss"]
[EventDate "2005.05.15"]

1. e4 c5 2. d3 Nc6 3. Nf3 e6 4. g3 d5 5. Qe2 Be7 6. Bg2 Nf6 7. O-O O-O 8. c3 b5
9. Ne1 Bb7 10. f4 a5 11. e5 Nd7 12. Na3 b4 13. Nac2 Qc7 14. Nf3 c4 15. d4 b3
16. Ne3 bxa2 17. f5 a4 18. Rxa2 Qb6 19. Bh3 Nd8 20. Nd2 Bg5 21. Nc2 Re8 22. Qh5
Bxd2 23. Bxd2 g6 24. fxg6 fxg6 25. Qe2 Nc6 26. Ne3 Ne7 27. Qg4 Nf5 28. Qg5 Nxe3
29. Bxe3 Bc6 30. Bg4 Qb3 31. Rfa1 Qc2 32. Bd2 Qd3 33. Rf1 Qe4 34. Raa1 h6 35.
Qf4 Qxf4 36. Bxf4 Kg7 37. Kf2 Rab8 38. Rfb1 Rb7 39. Bc1 Nf8 40. Bd1 Ra8 41. Bg4
Be8 42. Ke1 Rb6 43. h4 Nh7 44. Kd1 g5 1/2-1/2

[Event "DEM U16w 2005"]
[Site "Willingen GER"]
[Date "2005.05.17"]
[Round "5"]
[White "Jehle, Anja"]
[Black "Mucha, Annegret"]
[Result "1/2-1/2"]
[Termination "normal"]
[Board "4"]
[BlackTitle "CM"]
[WhiteElo "1721"]
[BlackElo "1884"]
[PlyCount "61"]
[WhiteFideId "24631434"]
[BlackFideId "24622788"]
[EventCountry "GER"]
[EventRounds "9"]
[EventType "swiss"]
[EventDate "2005.05.15"]

1. d4 d5 2. c4 e6 3. Nc3 f5 4. Nf3 Nf6 5. Bg5 Be7 6. e3 c6 7. Bd3 O-O 8. O-O
Ne4 9. Bxe7 Qxe7 10. Qc2 Nd7 11. Nd2 Ndf6 12. f3 Nxd2 13. Qxd2 Bd7 14. Rae1 Kh8
15. Kh1 e5 16. cxd5 Nxd5 17. Nxd5 cxd5 18. dxe5 Qxe5 19. Bb1 Bc6 20. Rf2 Rf6
21. Qd4 Qe7 22. Rfe2 a6 23. e4 fxe4 24. fxe4 Raf8 25. h3 Rf1+ 26. Kh2 dxe4 27.
Rxf1 Rxf1 28. Bxe4 Qc7+ 29. g3 h6 30. Bxc6 Qxc6 31. Qd8+ 1/2-1/2

[Event "DEM U16w 2005"]
[Site "Willingen GER"]
[Date "2005.05.17"]
[Round "5"]
[White "Opaska, Ines"]
[Black "Tovmasian, Nelli"]
[Result "0-1"]
[Termination "normal"]
[Board "5"]
[WhiteElo "1575"]
[BlackElo "1832"]
[PlyCount "193"]
[BlackFideId "24611735"]
[EventCountry "GER"]
[EventRounds "9"]
[EventType "swiss"]
[EventDate "2005.05.15"]

1. f4 g6 2. Nf3 Bg7 3. g3 c5 4. d3 Nc6 5. e4 d6 6. Bg2 e6 7. O-O Nge7 8. c3 O-O
9. Qe2 b5 10. Be3 Rb8 11. e5 b4 12. d4 cxd4 13. Nxd4 d5 14. Nxc6 Nxc6 15. Bc5
Re8 16. Bd6 Qb6+ 17. Qf2 Qxf2+ 18. Rxf2 Rb6 19. cxb4 Nxb4 20. Bxb4 Rxb4 21. a3
Rb3 22. Nc3 Ba6 23. Bf3 Bf8 24. Kg2 Reb8 25. Nd1 Rc8 26. Rd2 Be7 27. Nf2 Rcb8
28. Nd1 Bc4 29. Rc1 f6 30. Rc3 Rxc3 31. Nxc3 fxe5 32. Bg4 d4 33. Nd1 Bd5+ 34.
Kg1 exf4 35. gxf4 Bd6 36. b4 Bxf4 37. Rxd4 Be5 38. Rd3 h5 39. Bf3 Bxf3 40. Rxf3
Rd8 41. Nf2 Rd2 42. Rd3 Bxh2+ 43. Kxh2 Rxf2+ 44. Kg3 Rf7 45. Rd6 Rf6 46. Ra6
Rf7 47. Rxe6 Kg7 48. Re5 Rf5 49. Re7+ Rf7 50. Re5 Kf6 51. Ra5 g5 52. Ra6+ Kf5
53. Ra5+ Kg6 54. Ra6+ Kg7 55. Ra5 Kg6 56. Ra6+ Kh7 57. Ra5 Rg7 58. Rc5 Kg6 59.
Ra5 Kf6 60. Rc5 Ke6 61. Ra5 Kd6 62. Rc5 Rg6 63. Ra5 Rg7 64. Rc5 Kd7 65. Ra5 Kc6
66. Rc5+ Kd6 67. Ra5 h4+ 68. Kg4 Ke6 69. Rc5 Kd7 70. Ra5 Kd6 71. Rc5 Ke6 72.
Ra5 Rh7 73. Rf5 h3 74. Rf1 h2 75. Rh1 Kf6 76. Rf1+ Ke5 77. Re1+ Kd4 78. Rh1 Ke3
79. Kg3 Rh4 80. b5 Ra4 81. Rxh2 Rxa3 82. Rh7 Kd4+ 83. Kg4 Kc5 84. Rb7 Ra5 85.
Kxg5 Rxb5 86. Rxb5+ Kxb5 87. Kf4 Kb4 88. Ke3 Kb3 89. Kd2 Kb2 90. Kd3 a5 91. Kc4
a4 92. Kb4 a3 93. Kc4 a2 94. Kb4 a1=Q 95. Kc4 Qd1 96. Kb4 Qd5 97. Ka4 0-1

[Event "DEM U16w 2005"]
[Site "Willingen GER"]
[Date "2005.05.17"]
[Round "5"]
[White "Gasch, Franziska"]
[Black "Zemella, Jennifer"]
[Result "0-1"]
[Termination "normal"]
[Board "6"]
[WhiteElo "1651"]
[BlackElo "1757"]
[PlyCount "116"]
[WhiteFideId "24632139"]
[BlackFideId "24636096"]
[EventCountry "GER"]
[EventRounds "9"]
[EventType "swiss"]
[EventDate "2005.05.15"]

1. e4 e5 2. Nf3 d6 3. d4 exd4 4. Nxd4 Nf6 5. Nc3 Be7 6. Bc4 O-O 7. O-O c6 8.
Re1 b5 9. Bd3 a6 10. a3 Qc7 11. Bf4 c5 12. e5 dxe5 13. Bxe5 Qd8 14. Nf5 Bxf5
15. Bxf5 Qxd1 16. Raxd1 Nc6 17. Bf4 Rae8 18. Ne4 Nd4 19. Nxf6+ Bxf6 20. Be4 Rd8
21. Kf1 Ne6 22. Bc1 Rxd1 23. Rxd1 Nd4 24. Re1 Rd8 25. Be3 Ne6 26. c3 g6 27. Ke2
a5 28. Rd1 Rb8 29. Bd5 Re8 30. Bc6 Rb8 31. Kf1 b4 32. axb4 cxb4 33. Bd2 Ra8 34.
cxb4 axb4 35. b3 Bc3 36. Ke1 Rc8 37. Bd5 Nf4 38. Bxc3 Rxc3 39. g3 Nxd5 40. Rxd5
Rxb3 41. Rb5 Kg7 42. Kd2 h6 43. h4 h5 44. Ke2 Rb2+ 45. Ke3 b3 46. f3 Rb1 47.
Kf4 b2 48. Rb6 Kf8 49. Rb7 f6 50. Rb6 Ke7 51. Rb7+ Kd6 52. Rb6+ Kc5 53. Rb8 Kd4
54. Rb7 Kc5 55. Rb8 Kc4 56. Rb7 Kc3 57. Rc7+ Kd3 58. Rb7 Rc1 0-1

[Event "DEM U16w 2005"]
[Site "Willingen GER"]
[Date "2005.05.17"]
[Round "5"]
[White "Völschow, Toni"]
[Black "Dobrusina, Anna"]
[Result "1-0"]
[Termination "normal"]
[Board "7"]
[WhiteElo "1925"]
[BlackElo "1528"]
[PlyCount "121"]
[WhiteFideId "24622591"]
[EventCountry "GER"]
[EventRounds "9"]
[EventType "swiss"]
[EventDate "2005.05.15"]

1. e4 c5 2. Nc3 Nc6 3. g3 g6 4. Bg2 Bg7 5. d3 e6 6. Be3 d6 7. f4 Nge7 8. Nf3
O-O 9. Qd2 f5 10. Nd1 Nd4 11. c3 Nxf3+ 12. Bxf3 b6 13. exf5 d5 14. fxe6 Rb8 15.
d4 c4 16. O-O Bxe6 17. Bg2 Qd7 18. Bf2 Rbe8 19. Ne3 Nf5 20. Rfe1 Rf7 21. Nxf5
Bxf5 22. Rxe8+ Qxe8 23. Bxd5 Be6 24. Re1 Re7 25. Bxe6+ Rxe6 26. d5 Rxe1+ 27.
Qxe1 Qxe1+ 28. Bxe1 Kf7 29. Kf2 Ke7 30. Ke3 Kd6 31. Ke4 b5 32. Bf2 a6 33. Bd4
Bf8 34. g4 a5 35. Bb6 a4 36. Bd4 h6 37. f5 gxf5+ 38. gxf5 h5 39. Be5+ Kd7 40.
d6 Bxd6 41. Bxd6 Kxd6 42. Kd4 Ke7 43. a3 Kf6 44. Ke4 Kf7 45. h4 Kf6 46. Kf4 Ke7
47. Kg5 Kf7 48. Kxh5 Kf6 49. Kg4 Kf7 50. Kg5 Kg7 51. f6+ Kf7 52. h5 Kf8 53. h6
Kg8 54. Kg6 b4 55. f7+ Kf8 56. h7 bxc3 57. h8=Q+ Ke7 58. f8=Q+ Kd7 59. Qhf6 c2
60. Q8g7+ Kc8 61. Qff8# 1-0

[Event "DEM U16w 2005"]
[Site "Willingen GER"]
[Date "2005.05.17"]
[Round "5"]
[White "Muratow, Katerina"]
[Black "Nekrassova, Ekatherina"]
[Result "1-0"]
[Termination "normal"]
[Board "8"]
[WhiteElo "1464"]
[BlackElo "1538"]
[PlyCount "75"]
[EventCountry "GER"]
[EventRounds "9"]
[EventType "swiss"]
[EventDate "2005.05.15"]

1. e4 c5 2. Nf3 e6 3. d4 cxd4 4. Nxd4 a6 5. Bd3 Qc7 6. Be3 Nf6 7. O-O Be7 8. f4
d6 9. Nd2 b6 10. N2f3 Nbd7 11. Qe2 Bb7 12. Bf2 Nc5 13. e5 Nd5 14. f5 Nf4 15.
Qe3 Nfxd3 16. cxd3 Bxf3 17. Qxf3 O-O 18. f6 dxe5 19. fxe7 Qxe7 20. Nc6 Qc7 21.
Bxc5 bxc5 22. Rac1 Qd6 23. Na5 Rab8 24. b3 Qd4+ 25. Kh1 Rbc8 26. Nc4 f6 27.
Rfd1 Rfd8 28. Qb7 Rb8 29. Qxa6 e4 30. Qxe6+ Kf8 31. Qxe4 Qxe4 32. dxe4 Ke7 33.
Na5 Rxd1+ 34. Rxd1 Ke6 35. Rd5 Rc8 36. Nb7 c4 37. Nc5+ Ke7 38. bxc4 1-0

[Event "DEM U16w 2005"]
[Site "Willingen GER"]
[Date "2005.05.17"]
[Round "5"]
[White "Laake, Jasmin"]
[Black "Dittrich, Jacqueline"]
[Result "1/2-1/2"]
[Termination "normal"]
[Board "9"]
[WhiteElo "1941"]
[BlackElo "1648"]
[PlyCount "55"]
[WhiteFideId "4699939"]
[BlackFideId "24666270"]
[EventCountry "GER"]
[EventRounds "9"]
[EventType "swiss"]
[EventDate "2005.05.15"]

1. e4 e6 2. d4 d5 3. Nd2 dxe4 4. Nxe4 Nd7 5. Nf3 Ngf6 6. Bg5 Be7 7. Bxf6 Bxf6
8. Bd3 O-O 9. O-O b6 10. c3 Bb7 11. Re1 Rc8 12. Qc2 h6 13. Rad1 Qe7 14. Bc4
Rfd8 15. d5 Nf8 16. dxe6 Nxe6 17. Bxe6 Rxd1 18. Nxf6+ Qxf6 19. Bxf7+ Qxf7 20.
Qxd1 Qxa2 21. b3 Rf8 22. Re7 Bxf3 23. gxf3 c5 24. Qd5+ Kh8 25. Kg2 Qa3 26. Qe5
Rg8 27. Re6 Kh7 28. Qe4+ 1/2-1/2